Real Gone - Sheryl Crowe (Lyrics) - Statistics

General Stats
  • This quiz has been taken 47 times
  • The average score is 152 of 296
Answer Stats
Lyrics % Correct
I
97%
a
92%
I'm
86%
in
76%
the
76%
gone,
73%
gone
73%
so
73%
like
70%
me
70%
real
70%
Real
70%
don't
68%
have
68%
mouth
68%
that
68%
was
68%
big
65%
born
65%
got
65%
Got
65%
something
65%
Sometimes
65%
South
65%
see
62%
When
62%
when
62%
you
62%
You
62%
it
59%
My
59%
my
59%
to
59%
To
59%
your
59%
get
57%
say
57%
Chevrolet
54%
crash
54%
gonna
54%
on
54%
right
54%
We
54%
For
51%
for
51%
gotta
51%
momma
51%
and
49%
blast,
49%
blast
49%
Look
49%
wrong
49%
you're
49%
American-made,
46%
blinders
46%
down,
46%
from
46%
out
46%
out,
46%
taught
46%
Baby,
43%
change
43%
It's
43%
Light,
43%
looking
43%
new
43%
screaming
43%
were
43%
Bud
41%
Everybody's
41%
long
41%
no
41%
Slow
41%
time
41%
way
41%
been
38%
But
38%
He's
38%
he's
38%
think
38%
Come"
35%
come,
35%
driving
35%
history
35%
rearranged
35%
Well,
35%
well
35%
changed
32%
neighborhood's
32%
now
32%
Now,
32%
of
32%
road
32%
this
32%
town
32%
Yeah,
32%
behind
30%
cat
30%
here
30%
just
30%
mighty
30%
pedal
30%
there's
30%
We've
30%
babe,
27%
can
27%
Payin'
27%
somewhere
27%
want
27%
you've
27%
air
24%
all
24%
did
24%
didn't
24%
friends
24%
know
24%
left
24%
metal,
24%
off
24%
signs
24%
sound
24%
swell
24%
Thinks
24%
what
24%
believe
22%
can't
22%
'Cause
22%
give
22%
hands
22%
him
22%
mind
22%
prophecy
22%
said
22%
they'll
22%
ya?
22%
catch
19%
high-paid
19%
'round
19%
take
19%
not
16%
scared
16%
whippin'
16%
perpetuatin'
11%
Uhh
11%
Ooh
5%
No matching quizzes found
Score Distribution
Percent of People with Each Score
Percentile by Number Answered
Your Score History
You have not taken this quiz